=LDR 00000nam 2200000 4500 =001 INLIS000000000015747 =005 20130612111025 =008 ***********************************Ind** =035 ##$$0010-061300000015747 =041 ##$$a Ind =082 ##$$a 2x7.1 =090 ##$$a 2x7.1, han p =100 ##$$a Hanati, Ahmad =245 ##$$a Pengantar Filsafat Islam, Ahmad hanati,MA =260 ##$$a 1990 $b Jakarta =300 ##$$a XI,194hlm, 22cm =650 ##$$a Islam-Filsafat =850 ##$$a NBPNMAT